| 000 | 00463nam a2200181Ia 4500 | ||
|---|---|---|---|
| 008 | 230718s9999 xx 000 0 und d | ||
| 041 | _aeng | ||
| 082 | _bGEO | ||
| 100 | _aGeorge S.S. | ||
| 245 | _aCase Studies In Information Technology & Systems | ||
| 250 | _aREVISE | ||
| 260 |
_c2005 _bICFAI Books |
||
| 300 |
_a380 _dRef 1158 C (24681) |
||
| 365 |
_cRs. _b1000.00 |
||
| 500 | _a1158 C | ||
| 700 | _aGeorge S.S. | ||
| 906 |
_d18/4/06/IPRESS/2006 _cCOMP |
||
| 999 |
_c313474 _d313474 |
||